[Event "Pristina op"]
[Site "Pristina"]
[Date "2025.06.02"]
[Round "4"]
[White "Recica, Rron"]
[Black "Berisha, Enver"]
[Result "0-1"]
[WhiteElo "1637"]
[BlackElo "2034"]
[PlyCount "56"]
[EventDate "2025.05.31"]
[EventType "swiss"]
[EventRounds "9"]
[EventCountry "KOS"]
[SourceTitle "CB24_2025"]
[SourceDate "2025.06.11"]
[SourceVersion "1"]
[SourceVersionDate "2025.06.11"]
[SourceQuality "1"]

1. e4 c5 2. Nf3 e6 3. d4 cxd4 4. Nxd4 Nc6 5. Nc3 d6 6. Be2 Nf6 7. Bg5 Qb6 8. Nxc6 bxc6 9. Rb1 Be7 10. Bxf6 Bxf6 11. Qd2 0-0 12. 0-0 Rd8 13. h3 Rb8 14. Rfd1 Bb7 15. Na4 Qc7 16. Qe3 c5 17. Bf3 Bc6 18. Nc3 h6 19. b3 Qa5 20. Ne2 Qxa2 21. Qd2 d5 22. exd5 Bxd5 23. Bxd5 Rxd5 24. Qc1 Bg5 25. f4 Bf6 26. c4 Rxd1+ 27. Qxd1 Rd8 28. Qe1 Rd2 0-1

[Event "KOS-ch"]
[Site "Pristina"]
[Date "2022.11.19"]
[Round "7"]
[White "Aliu, Besnik"]
[Black "Berisha, Enver"]
[Result "0-1"]
[WhiteElo "1933"]
[BlackElo "2123"]
[PlyCount "106"]
[EventDate "2022.11.11"]
[EventType "swiss"]
[EventRounds "9"]
[EventCountry "KOS"]
[SourceTitle "CBM 211 Extra"]
[Source "ChessBase"]
[SourceDate "2023.01.31"]
[SourceVersion "1"]
[SourceVersionDate "2023.01.31"]
[SourceQuality "1"]

1. e4 c5 2. Nf3 d6 3. d4 cxd4 4. Nxd4 Nf6 5. Nc3 a6 6. Be2 e5 7. Nf3 h6 8. Be3 Nc6 9. Nd5 Nxd5 10. Qxd5 Be7 11. a3 Qc7 12. 0-0 0-0 13. c4 Be6 14. Qd3 f5 15. exf5 Rxf5 16. Nd2 Rff8 17. Bxh6 Nd4 18. Bh5 Rf5 19. g4 Rxh5 20. gxh5 Bf5 21. Qe3 gxh6 22. Qxh6 Bf8 23. Qg5+ Kh7 24. h6 Bxh6 25. Qh4 Qg7+ 26. Kh1 Qg5 27. Qxg5 Bxg5 28. Nb1 Bd3 29. Nc3 Bxf1 30. Rxf1 Rc8 31. Ne4 Be7 32. Nd2 Ne6 33. b3 Kg6 34. Kg2 Kf5 35. Kf3 Rg8 36. b4 Bg5 37. Ke2 e4 38. Nb3 Rh8 39. Rd1 Bf4 40. Rd5+ Be5 41. Rd1 Rh3 42. Na5 Nd4+ 43. Rxd4 Bxd4 44. Nxb7 Ke5 45. Na5 Bb6 46. Nc6+ Kf4 47. Ne7 Bd4 48. Nc6 Bf6 49. a4 Rxh2 50. b5 axb5 51. cxb5 e3 52. b6 Rxf2+ 53. Kd1 Rb2 0-1

[Event "KOS-ch"]
[Site "Pristina"]
[Date "2022.11.18"]
[Round "5"]
[White "Topalli, Ismet"]
[Black "Berisha, Enver"]
[Result "0-1"]
[WhiteElo "1845"]
[BlackElo "2123"]
[PlyCount "64"]
[EventDate "2022.11.11"]
[EventType "swiss"]
[EventRounds "9"]
[EventCountry "KOS"]
[SourceTitle "CBM 211 Extra"]
[Source "ChessBase"]
[SourceDate "2023.01.31"]
[SourceVersion "1"]
[SourceVersionDate "2023.01.31"]
[SourceQuality "1"]

1. d4 d5 2. e3 Nf6 3. f4 e6 4. Nf3 c5 5. c3 Bd6 6. Ne5 Qc7 7. Bd3 Nc6 8. Na3 a6 9. 0-0 b5 10. Qe2 c4 11. Bb1 Bb7 12. Nc2 Ne7 13. Bd2 Ne4 14. Be1 f6 15. Nf3 0-0 16. a3 Rf7 17. Kh1 Raf8 18. a4 e5 19. dxe5 fxe5 20. fxe5 Bxe5 21. Ncd4 Qb6 22. Bxe4 dxe4 23. Nd2 Qh6 24. h3 Bc8 25. Rxf7 Rxf7 26. Nxe4 Bg4 27. Nf3 Bxf3 28. gxf3 Qxh3+ 29. Kg1 Rxf3 30. Bg3 Qg4 31. Kg2 Nf5 32. Qd1 Nxe3+ 0-1

[Event "Kosovo-chT"]
[Site "Pristina"]
[Date "2021.05.18"]
[Round "5.2"]
[White "Berisha, Enver"]
[Black "Saraci, Korab"]
[Result "0-1"]
[WhiteElo "2161"]
[BlackElo "2227"]
[PlyCount "132"]
[EventDate "2021.05.15"]
[EventType "team-tourn"]
[EventRounds "7"]
[EventCountry "KOS"]
[SourceTitle "CBM 202 Extra"]
[Source "ChessBase"]
[SourceDate "2021.07.31"]
[SourceVersion "1"]
[SourceVersionDate "2021.07.31"]
[SourceQuality "1"]
[WhiteTeam "Prishtina"]
[BlackTeam "Dardania"]
[WhiteTeamCountry "KOS"]
[BlackTeamCountry "KOS"]

1. d4 Nf6 2. Nf3 e6 3. c4 d5 4. Nc3 c6 5. e3 Nbd7 6. Bd3 Be7 7. 0-0 0-0 8. e4 dxe4 9. Nxe4 Nxe4 10. Bxe4 Nf6 11. Bc2 c5 12. Be3 Qc7 13. dxc5 Bxc5 14. Bg5 Be7 15. Qe2 h6 16. Bh4 b6 17. Ne5 Bb7 18. Bxf6 Bxf6 19. Qd3 Rfd8 20. Qh7+ Kf8 21. f4 Rd2 22. Be4 Rad8 23. b4 Bxe4 24. Qxe4 Bxe5 25. fxe5 Kg8 26. Rac1 Rxa2 27. c5 bxc5 28. bxc5 Ra5 29. Qb4 Rc8 30. c6 Qb6+ 31. Qxb6 axb6 32. Rfd1 Rxe5 33. Rd7 Rd5 34. Rb7 Rc5 35. Rxc5 bxc5 36. c7 Kh7 37. Kf2 Kg6 38. Ke3 Kf5 39. Kd3 Ke5 40. Kc4 Kd6 41. Rb6+ Kxc7 42. Kxc5 Kd7+ 43. Kd4 Ke7 44. Ke5 Rc5+ 45. Kf4 Rf5+ 46. Ke3 Ra5 47. h3 Kf6 48. Rb7 g5 49. Rc7 Kg6 50. Re7 Ra6 51. Kf3 h5 52. g4 h4 53. Re8 Ra3+ 54. Kg2 Ra2+ 55. Kg1 Re2 56. Kh1 f5 57. gxf5+ Kxf5 58. Rf8+ Ke4 59. Kg1 e5 60. Rf7 Re3 61. Kg2 Rg3+ 62. Kh2 Ke3 63. Rf8 e4 64. Ra8 Kf2 65. Rf8+ Rf3 66. Ra8 e3 0-1

[Event "KOS-chT"]
[Site "Pristina"]
[Date "2018.05.11"]
[Round "5.1"]
[White "Fejzullahu, Afrim"]
[Black "Berisha, Enver"]
[Result "0-1"]
[WhiteElo "2271"]
[BlackElo "2102"]
[PlyCount "58"]
[EventDate "2018.05.07"]
[EventType "team-tourn"]
[EventRounds "7"]
[EventCountry "KOS"]
[SourceTitle "EXT 2019"]
[Source "ChessBase"]
[SourceDate "2018.10.10"]
[SourceVersion "1"]
[SourceVersionDate "2018.10.10"]
[SourceQuality "1"]
[WhiteTeam "Drejtesia"]
[BlackTeam "Pristina"]
[WhiteTeamCountry "KOS"]
[BlackTeamCountry "KOS"]

1. d4 Nf6 2. Nf3 e6 3. Bf4 b6 4. e3 Bb7 5. Nbd2 d5 6. Bd3 Be7 7. 0-0 0-0 8. h3 c5 9. c3 Nbd7 10. Ne5 Nxe5 11. Bxe5 Bd6 12. f4 Ne4 13. Bxe4 dxe4 14. Bxd6 Qxd6 15. f5 exf5 16. Rxf5 cxd4 17. cxd4 Qg3 18. Nf1 Qg6 19. Rf2 f5 20. Rc1 Qd6 21. g3 Rf6 22. Qc2 Bd5 23. b3 Rf7 24. Kg2 Raf8 25. Nd2 Qh6 26. Qc3 g5 27. Rcf1 f4 28. gxf4 gxf4 29. Nc4 Rg7+ 0-1

[Event "KOS-chT"]
[Site "Pristina"]
[Date "2018.05.08"]
[Round "2.4"]
[White "Dushi, Burim"]
[Black "Berisha, Enver"]
[Result "0-1"]
[WhiteElo "2016"]
[BlackElo "2102"]
[PlyCount "61"]
[EventDate "2018.05.07"]
[EventType "team-tourn"]
[EventRounds "7"]
[EventCountry "KOS"]
[SourceTitle "EXT 2019"]
[Source "ChessBase"]
[SourceDate "2018.10.10"]
[SourceVersion "1"]
[SourceVersionDate "2018.10.10"]
[SourceQuality "1"]
[WhiteTeam "Decani"]
[BlackTeam "Pristina"]
[WhiteTeamCountry "KOS"]
[BlackTeamCountry "KOS"]

1. e4 c5 2. Nf3 d6 3. d4 cxd4 4. Nxd4 Nc6 5. Nc3 e5 6. Nb3 Nf6 7. Be2 Be7 8. Be3 0-0 9. g4 Be6 10. g5 Nd7 11. Qd2 Nb6 12. Nd5 f5 13. gxf6 Bxf6 14. c4 Bxd5 15. cxd5 Ne7 16. Na5 Rb8 17. Qb4 Ng6 18. 0-0-0 Bg5 19. Rdf1 Rxf2 20. Bxg5 Qxg5+ 21. Qd2 Qg2 22. Rxf2 Qxh1+ 23. Rf1 Qxe4 24. Bd3 Rc8+ 25. Kb1 Qd4 26. Nxb7 Qxd5 27. Na5 Nf4 28. Rxf4 exf4 29. Bc4 Rxc4 30. Qxd5+ Nxd5 31. Nxc4 0-1

[Event "KOS CupT"]
[Site "Pristina"]
[Date "2017.11.25"]
[Round "4.1"]
[White "Berisha, Enver"]
[Black "Asllani, Muhamet"]
[Result "1/2-1/2"]
[WhiteElo "2078"]
[BlackElo "2006"]
[PlyCount "95"]
[EventDate "2017.11.11"]
[EventType "team-tourn"]
[EventRounds "7"]
[EventCountry "KOS"]
[SourceTitle "EXT 2019"]
[Source "ChessBase"]
[SourceDate "2018.10.10"]
[SourceVersion "1"]
[SourceVersionDate "2018.10.10"]
[SourceQuality "1"]
[WhiteTeam "Pristina"]
[BlackTeam "Kosovo"]
[WhiteTeamCountry "KOS"]
[BlackTeamCountry "KOS"]

1. d4 Nf6 2. Nf3 e6 3. e3 b6 4. Bd3 Bb7 5. 0-0 Be7 6. Re1 d5 7. c4 c5 8. cxd5 exd5 9. Bb5+ Nbd7 10. Ne5 0-0 11. f4 Nxe5 12. fxe5 Ne4 13. Nc3 Rc8 14. Nxe4 dxe4 15. b3 cxd4 16. exd4 Bb4 17. Be3 Bxe1 18. Qxe1 a6 19. Be2 f6 20. Rd1 Rc2 21. a4 Bd5 22. Rb1 Qc8 23. Bd1 Rc3 24. Bd2 Rd3 25. Rc1 Qf5 26. Bc2 Rxd4 27. exf6 Bb7 28. fxg7 Rc8 29. b4 Bd5 30. Qe3 Rdc4 31. Rf1 Qe6 32. Bd1 R4c7 33. h3 Rf7 34. Rxf7 Qxf7 35. Qxb6 Bc4 36. Bg4 Re8 37. Qc5 Qd5 38. Qf2 h5 39. Bh6 hxg4 40. Qf8+ Kh7 41. Qxe8 Kxh6 42. Qf8 Qd4+ 43. Kh2 g3+ 44. Kxg3 Qxg7+ 45. Qxg7+ Kxg7 46. Kf4 Bd3 47. g4 Kf6 48. h4 1/2-1/2

[Event "KOS CupT"]
[Site "Pristina"]
[Date "2017.11.19"]
[Round "3.4"]
[White "Berisha, Enver"]
[Black "Shehu, Mulaim"]
[Result "1-0"]
[WhiteElo "2078"]
[BlackElo "1943"]
[PlyCount "85"]
[EventDate "2017.11.11"]
[EventType "team-tourn"]
[EventRounds "7"]
[EventCountry "KOS"]
[SourceTitle "EXT 2019"]
[Source "ChessBase"]
[SourceDate "2018.10.10"]
[SourceVersion "1"]
[SourceVersionDate "2018.10.10"]
[SourceQuality "1"]
[WhiteTeam "Pristina"]
[BlackTeam "Vellaznimi"]
[WhiteTeamCountry "KOS"]
[BlackTeamCountry "KOS"]

1. d4 Nf6 2. Nf3 d5 3. c4 c6 4. e3 e6 5. Nc3 Be7 6. Bd3 Nbd7 7. 0-0 0-0 8. e4 dxe4 9. Nxe4 Nxe4 10. Bxe4 Nf6 11. Bc2 c5 12. Be3 cxd4 13. Bxd4 b6 14. Qd3 Bb7 15. Ng5 g6 16. Qe3 Rc8 17. Qd3 h6 18. Nxe6 Be4 19. Qe3 fxe6 20. Bxe4 Ng4 21. Qg3 Qxd4 22. Qxg4 Rf6 23. Rad1 Qxc4 24. b3 Qb4 25. f3 Rc7 26. Qg3 Qc5+ 27. Kh1 Kg7 28. b4 Qc4 29. b5 Bb4 30. Bc6 Re7 31. Rf2 a6 32. Qe5 axb5 33. Bxb5 Qc5 34. Qe2 Rf5 35. Bc4 Re5 36. Qb2 Kh7 37. f4 Re4 38. Bd3 Re3 39. h3 Qc3 40. Qb1 Rg7 41. Bxg6+ Kg8 42. Kh2 Bf8 43. Rd3 1-0

[Event "Pristina op"]
[Site "Pristina"]
[Date "2015.06.14"]
[Round "2"]
[White "Berisha, Enver"]
[Black "Stanojoski, Zvonko"]
[Result "1/2-1/2"]
[WhiteElo "2093"]
[BlackElo "2426"]
[PlyCount "77"]
[EventDate "2015.06.13"]
[EventType "swiss"]
[EventRounds "9"]
[EventCountry "KOS"]
[SourceTitle "CBM 167 Extra"]
[Source "ChessBase"]
[SourceDate "2015.09.14"]
[SourceVersion "1"]
[SourceVersionDate "2015.09.14"]
[SourceQuality "1"]

1. d4 Nf6 2. e3 g6 3. Nf3 Bg7 4. Bd3 c5 5. c4 cxd4 6. exd4 d5 7. 0-0 0-0 8. h3 Nc6 9. Re1 Nb4 10. Nc3 Nxd3 11. Qxd3 Re8 12. Bf4 Bf5 13. Qe2 Rc8 14. c5 Ne4 15. Qb5 Nxc3 16. bxc3 Qd7 17. Qa5 Bxh3 18. gxh3 Qf5 19. Be5 Qxf3 20. Bxg7 Kxg7 21. Re3 Qf5 22. Qxa7 Rc7 23. Rc1 Qd7 24. Qa3 Rc6 25. Qb3 Ra6 26. c4 dxc4 27. Qxc4 Ra4 28. Qc3 Rxa2 29. d5+ Kg8 30. d6 e6 31. Rb1 Rc8 32. Rb6 Rc6 33. Rxc6 Qxc6 34. Rd3 Qd7 35. Qf6 Ra8 36. Qe7 Qc6 37. Qf6 Qd7 38. Qe7 Qc6 39. Qf6 1/2-1/2

[Event "Skopje Karposh op"]
[Site "Skopje"]
[Date "2014.03.29"]
[Round "1"]
[White "Granda Zuniga, Julio E"]
[Black "Berisha, Enver"]
[Result "1-0"]
[WhiteElo "2680"]
[BlackElo "2236"]
[PlyCount "107"]
[EventDate "2014.03.29"]
[EventType "swiss"]
[EventRounds "9"]
[EventCountry "MKD"]
[SourceTitle "CBM 159 Extra"]
[Source "ChessBase"]
[SourceDate "2014.04.24"]
[SourceVersion "1"]
[SourceVersionDate "2014.04.24"]
[SourceQuality "1"]

1. Nf3 Nf6 2. c4 e6 3. Nc3 d5 4. cxd5 exd5 5. d4 h6 6. Bf4 Bd6 7. e3 0-0 8. Be2 Bxf4 9. exf4 Qd6 10. Ne5 a6 11. 0-0 b6 12. Bf3 Bb7 13. Qb3 Rd8 14. Rac1 Nc6 15. Rfd1 Ne7 16. g4 Rf8 17. Ne2 Ne4 18. Bg2 Rac8 19. h4 Rcd8 20. f3 Nf6 21. Ng3 Nd7 22. Re1 c5 23. Qe3 cxd4 24. Qxd4 Nc5 25. b4 Ne6 26. Qd2 f6 27. Nd3 Bc8 28. Qe3 Rfe8 29. Kf2 d4 30. Qe4 Nd5 31. Qg6 Ne7 32. Qe4 Nd5 33. Nh5 Bd7 34. Qg6 Qf8 35. f5 Ne7 36. Nxf6+ Qxf6 37. Qxf6 gxf6 38. fxe6 Bb5 39. Nb2 Rc8 40. a4 Rxc1 41. Rxc1 Bc6 42. Bf1 b5 43. axb5 Bxb5 44. Bxb5 axb5 45. Nd3 Ng6 46. Rc6 Ne5 47. Nxe5 fxe5 48. f4 exf4 49. Kf3 Kf8 50. Kxf4 Rd8 51. Rc7 Rd5 52. Ke4 Rd6 53. Ke5 d3 54. Rf7+ 1-0